<?xml version="1.0" encoding="UTF-8"?>
<record
    xmlns:xsi="http://www.w3.org/2001/XMLSchema-instance"
    xsi:schemaLocation="http://www.loc.gov/MARC21/slim http://www.loc.gov/standards/marcxml/schema/MARC21slim.xsd"
    xmlns="http://www.loc.gov/MARC21/slim">

  <leader>01970nam a2200385 i 4500</leader>
  <controlfield tag="001">79653)</controlfield>
  <controlfield tag="003">BD-RjUL</controlfield>
  <controlfield tag="005">20220404095146.0</controlfield>
  <controlfield tag="008">220404s1956    le            000 0 ara d</controlfield>
  <datafield tag="035" ind1=" " ind2=" ">
    <subfield code="a">(BD-RjUL)79653)</subfield>
  </datafield>
  <datafield tag="040" ind1=" " ind2=" ">
    <subfield code="a">AAC</subfield>
    <subfield code="b">ara</subfield>
    <subfield code="e">rda</subfield>
    <subfield code="c">BD-RjUL</subfield>
  </datafield>
  <datafield tag="041" ind1=" " ind2=" ">
    <subfield code="a">ara</subfield>
  </datafield>
  <datafield tag="082" ind1=" " ind2=" ">
    <subfield code="a">297.352</subfield>
    <subfield code="2">23</subfield>
    <subfield code="b">FAS 1956</subfield>
  </datafield>
  <datafield tag="100" ind1="1" ind2=" ">
    <subfield code="a">[Al-Fassi, Taqi Al-Din Abu Al-Tayyib Muhammad bin Ahmed ] ;; &#x627;&#x644;&#x641;&#x627;&#x633;&#x64A;&#x60C; &#x62A;&#x642;&#x64A; &#x627;&#x644;&#x62F;&#x64A;&#x646; &#x623;&#x628;&#x648; &#x627;&#x644;&#x637;&#x64A;&#x628; &#x645;&#x62D;&#x645;&#x62F; &#x628;&#x646; &#x623;&#x62D;&#x645;&#x62F;</subfield>
    <subfield code="d">1429-1373&#x645;</subfield>
    <subfield code="e">&#x645;&#x624;&#x644;&#x641;</subfield>
    <subfield code="9">2204</subfield>
  </datafield>
  <datafield tag="245" ind1="1" ind2=" ">
    <subfield code="a">&#x634;&#x641;&#x627;&#x621; &#x627;&#x644;&#x63A;&#x631;&#x627;&#x645; &#x628;&#x627;&#x62E;&#x628;&#x627;&#x631; &#x627;&#x644;&#x628;&#x644;&#x62F; &#x627;&#x644;&#x62D;&#x631;&#x627;&#x645; ;; [shifa' algharam biakhbar albalad alharam]/</subfield>
    <subfield code="c">&#x627;&#x628;&#x648; &#x627;&#x644;&#x637;&#x64A;&#x628; &#x62A;&#x642;&#x64A; &#x627;&#x644;&#x62F;&#x64A;&#x646; &#x645;&#x62D;&#x645;&#x62F; &#x628;&#x646; &#x627;&#x62D;&#x645;&#x62F; &#x627;&#x628;&#x646; &#x639;&#x644;&#x64A; &#x627;&#x644;&#x641;&#x627;&#x633;&#x64A; &#x61B; &#x62A;&#x62D;&#x642;&#x64A;&#x642; &#x639;&#x645;&#x631; &#x639;&#x628;&#x62F; &#x627;&#x644;&#x633;&#x644;&#x627;&#x645; &#x62A;&#x62F;&#x645;&#x631;&#x64A;. ;; [Abu al-Tayyib Taqi al-Din Muhammad ibn Ahmad ibn Ali al-Fassi; Investigation by Omar Abdel Salam Tadmuri.] / </subfield>
  </datafield>
  <datafield tag="250" ind1=" " ind2=" ">
    <subfield code="a">&#x627;&#x644;&#x637;&#x628;&#x639;&#x629; &#x627;&#x644;&#x627;&#x648;&#x644;&#x649;</subfield>
  </datafield>
  <datafield tag="264" ind1=" " ind2="1">
    <subfield code="a">&#x628;&#x64A;&#x631;&#x648;&#x62A; :Bairut:</subfield>
    <subfield code="b">&#x645;&#x643;&#x62A;&#x628;&#x629; &#x627;&#x644;&#x646;&#x647;&#x636;&#x629; &#x627;&#x644;&#x62D;&#x62F;&#x64A;&#x62B;&#x629;,[maktabat alnahdat alhaditha],</subfield>
    <subfield code="c">1956.</subfield>
  </datafield>
  <datafield tag="300" ind1=" " ind2=" ">
    <subfield code="a">v. ;</subfield>
    <subfield code="c">24 &#x633;&#x645;.</subfield>
  </datafield>
  <datafield tag="504" ind1=" " ind2=" ">
    <subfield code="a">&#x64A;&#x634;&#x645;&#x644; &#x628;&#x628;&#x644;&#x64A;&#x648;&#x63A;&#x631;&#x627;&#x641;&#x64A;&#x629;</subfield>
  </datafield>
  <datafield tag="650" ind1=" " ind2="4">
    <subfield code="a">[alkaebat almusharafa ]&#x627;&#x644;&#x643;&#x639;&#x628;&#x629; &#x627;&#x644;&#x645;&#x634;&#x631;&#x641;&#x629; </subfield>
    <subfield code="9">2205</subfield>
  </datafield>
  <datafield tag="650" ind1=" " ind2="4">
    <subfield code="a">&#x627;&#x644;&#x643;&#x639;&#x628;&#x629; &#x627;&#x644;&#x645;&#x634;&#x631;&#x641;&#x629;</subfield>
    <subfield code="x">&#x641;&#x636;&#x627;&#x626;&#x644;</subfield>
    <subfield code="9">2206</subfield>
  </datafield>
  <datafield tag="650" ind1=" " ind2="4">
    <subfield code="a">&#x632;&#x645;&#x632;&#x645;&#x60C; &#x628;&#x626;&#x631;</subfield>
    <subfield code="9">2207</subfield>
  </datafield>
  <datafield tag="650" ind1=" " ind2="4">
    <subfield code="a">&#x642;&#x631;&#x64A;&#x634; (&#x642;&#x628;&#x64A;&#x644;&#x629; &#x639;&#x631;&#x628;&#x64A;&#x629;)</subfield>
    <subfield code="9">2208</subfield>
  </datafield>
  <datafield tag="650" ind1=" " ind2="4">
    <subfield code="a">&#x645;&#x643;&#x629; &#x627;&#x644;&#x645;&#x643;&#x631;&#x645;&#x629;</subfield>
    <subfield code="x">&#x623;&#x633;&#x627;&#x621;</subfield>
    <subfield code="9">2209</subfield>
  </datafield>
  <datafield tag="650" ind1=" " ind2="4">
    <subfield code="a">&#x645;&#x643;&#x629; &#x627;&#x644;&#x645;&#x643;&#x631;&#x645;&#x629;</subfield>
    <subfield code="9">2210</subfield>
  </datafield>
  <datafield tag="650" ind1=" " ind2="4">
    <subfield code="a">&#x645;&#x643;&#x629; &#x627;&#x644;&#x645;&#x643;&#x631;&#x645;&#x629;</subfield>
    <subfield code="x">&#x632;&#x64A;&#x627;&#x631;&#x629;</subfield>
    <subfield code="9">2211</subfield>
  </datafield>
  <datafield tag="650" ind1=" " ind2="4">
    <subfield code="a">&#x645;&#x643;&#x629; &#x627;&#x644;&#x645;&#x643;&#x631;&#x645;&#x629;</subfield>
    <subfield code="x">&#x641;&#x636;&#x627;&#x626;&#x644;</subfield>
    <subfield code="9">2212</subfield>
  </datafield>
  <datafield tag="650" ind1=" " ind2="4">
    <subfield code="a">&#x627;&#x644;&#x645;&#x633;&#x62C;&#x62F; &#x627;&#x644;&#x62D;&#x631;&#x627;&#x645;</subfield>
    <subfield code="9">2213</subfield>
  </datafield>
  <datafield tag="650" ind1=" " ind2="4">
    <subfield code="a">&#x627;&#x644;&#x645;&#x633;&#x62C;&#x62F; &#x627;&#x644;&#x62D;&#x631;&#x627;&#x645;</subfield>
    <subfield code="x">&#x62A;&#x627;&#x631;&#x64A;&#x62E;</subfield>
    <subfield code="9">2214</subfield>
  </datafield>
  <datafield tag="650" ind1=" " ind2="4">
    <subfield code="a">&#x645;&#x643;&#x629; &#x627;&#x644;&#x645;&#x643;&#x631;&#x645;&#x629;</subfield>
    <subfield code="x">&#x62A;&#x627;&#x631;&#x64A;&#x62E;</subfield>
    <subfield code="y">&#x642;&#x628;&#x644; &#x627;&#x644;&#x627;&#x633;&#x644;&#x627;&#x645;</subfield>
    <subfield code="9">2215</subfield>
  </datafield>
  <datafield tag="650" ind1=" " ind2="4">
    <subfield code="a">&#x627;&#x644;&#x627;&#x645;&#x627;&#x643;&#x646; &#x627;&#x644;&#x645;&#x642;&#x62F;&#x633;&#x629;</subfield>
    <subfield code="x">&#x627;&#x644;&#x627;&#x633;&#x644;&#x627;&#x645;</subfield>
    <subfield code="z">&#x627;&#x644;&#x633;&#x639;&#x648;&#x62F;&#x64A;&#x629;</subfield>
    <subfield code="9">2216</subfield>
  </datafield>
  <datafield tag="650" ind1=" " ind2="4">
    <subfield code="a">&#x627;&#x644;&#x643;&#x639;&#x628;&#x629; &#x627;&#x644;&#x645;&#x634;&#x631;&#x641;&#x629;</subfield>
    <subfield code="x">&#x62A;&#x627;&#x631;&#x64A;&#x62E;</subfield>
    <subfield code="9">2217</subfield>
  </datafield>
  <datafield tag="700" ind1="1" ind2=" ">
    <subfield code="a">&#x62A;&#x62F;&#x645;&#x631;&#x64A;&#x60C; &#x639;&#x645;&#x631; &#x639;&#x628;&#x62F; &#x627;&#x644;&#x633;&#x644;&#x627;&#x645;&#x60C;</subfield>
    <subfield code="e">&#x645;&#x62D;&#x642;&#x642;</subfield>
    <subfield code="9">2218</subfield>
  </datafield>
  <datafield tag="942" ind1=" " ind2=" ">
    <subfield code="2">ddc</subfield>
    <subfield code="c">BK</subfield>
  </datafield>
  <datafield tag="999" ind1=" " ind2=" ">
    <subfield code="c">79653</subfield>
    <subfield code="d">79653</subfield>
  </datafield>
  <datafield tag="952" ind1=" " ind2=" ">
    <subfield code="0">0</subfield>
    <subfield code="1">0</subfield>
    <subfield code="2">ddc</subfield>
    <subfield code="4">0</subfield>
    <subfield code="7">1</subfield>
    <subfield code="8">NFIC</subfield>
    <subfield code="a">RUCL</subfield>
    <subfield code="b">RUCL</subfield>
    <subfield code="c">Reading</subfield>
    <subfield code="d">1968-09-10</subfield>
    <subfield code="e">Zeitlinger</subfield>
    <subfield code="g">155.00</subfield>
    <subfield code="l">0</subfield>
    <subfield code="o">A 297.352 FAS V-1 1956</subfield>
    <subfield code="r">2022-04-04 00:00:00</subfield>
    <subfield code="t">C-1</subfield>
    <subfield code="w">2022-04-04</subfield>
    <subfield code="y">BK</subfield>
  </datafield>
  <datafield tag="952" ind1=" " ind2=" ">
    <subfield code="0">0</subfield>
    <subfield code="1">0</subfield>
    <subfield code="2">ddc</subfield>
    <subfield code="4">0</subfield>
    <subfield code="7">1</subfield>
    <subfield code="8">NFIC</subfield>
    <subfield code="a">RUCL</subfield>
    <subfield code="b">RUCL</subfield>
    <subfield code="c">Reading</subfield>
    <subfield code="d">1968-09-10</subfield>
    <subfield code="e">Zeitlinger</subfield>
    <subfield code="g">155.00</subfield>
    <subfield code="o">A 297.352 FAS V-2 1956</subfield>
    <subfield code="r">2022-04-04 00:00:00</subfield>
    <subfield code="t">C-1</subfield>
    <subfield code="y">BK</subfield>
  </datafield>
</record>
